| Поле | Инд. | ПП | Название | Значение |
|---|---|---|---|---|
| Тип записи | a | |||
| Библиографический уровень | a | |||
| 001 | Контрольный номер | c73676526ed34ea1a459328aae3ac074 | ||
| 005 | Дата корректировки | 20221213092455.0 | ||
| 020 | a | ISBN | 978-5-6043906-9-6 | |
| 040 | a | Служба первич. каталог. | НБ ТвГУ | |
| b | Код языка каталог. | rus | ||
| e | Правила каталог. | PSBO | ||
| 041 | 0_ | a | Код языка текста | rus |
| 097 | b | Оператор | Komarova.ES | |
| 245 | 10 | a | Заглавие | Влияние экономических последствий пандемии коронавируса на уровень бедности и антикризисные меры национальных правительств |
| 260 | a | Место издания | Москва | |
| b | Издательство | ИПР РАН | ||
| 504 | a | Библиография | Библиогр.: с. 262-263 (8 назв.) | |
| 520 | 0_ | a | Аннотация | Статья посвящена влиянию экономических последствий пандемии коронавируса на уровень бедности и антикризисные меры национальных правительств. |
| 653 | 0_ | a | Ключевые слова | Экономика |
| a | Ключевые слова | Показатели | ||
| a | Ключевые слова | Институт проблем рынка | ||
| a | Ключевые слова | Благосостояние | ||
| a | Ключевые слова | Доходы граждан | ||
| 700 | 12 | a | Другие авторы | Цветков В. А. |
| 700 | 12 | a | Другие авторы | Зоидов К. Х. |
| 700 | 12 | a | Другие авторы | Янкаускас К. Х. |
| 700 | 12 | a | Другие авторы | Кобил Ш. К. |
| 773 | 18 | w | Контрольный № источника | 06e2df3e84824b38b59e42f92a56b81a |
| t | Название источника | Россия в XXI веке: глобальные вызовы и перспективы развития | ||
| d | Место и дата издания | Москва : ИПР РАН, 2020 | ||
| g | Прочая информация | С. 250-263 | ||
| 901 | t | Тип документа | a | |
| 920 | a | Оператор | Кома | |
| 954 | b | Дата поступления в ОК | 20221213 |